000 00420nam a22001817a 4500
003 NUST
020 _a9788120342828
038 _aKhadija
082 _a658.5752
_bCHI
100 _aChitale, A. K.
_986161
245 _aProduct Design and Manufacturing
250 _a 5th ed.
260 _aNew Delhi:
_bPHI Learning,
_c2011.
300 _a554 p. ;
_b23 cm.
500 _aPaperback.
563 _aPB
942 _cBK
_2ddc
999 _c32786
_d32786